| 000 | 00535ntaaa2200193 4500 | ||
|---|---|---|---|
| 003 | 01 | ||
| 005 | 20251027201546.0 | ||
| 008 | 0714s1973 ag 01 | ||
| 040 |
_aAR-BaBN _bspa _cAR-BaBN _eaacr _dRIC |
||
| 082 | _a230 B21e | ||
| 100 |
_aBalthasar, Hans Urs von _d1905-1988 _95294 |
||
| 245 |
_aEnsayos Teológicos / _cHans Urs von Balthasar |
||
| 250 | _a1 ed. | ||
| 260 |
_aMadrid : _bCristiandad, _c1964 |
||
| 300 | _a2 v. | ||
| 500 | _acontenido: vol - 1 Verbum Caro; vol. 2 - Sponsa Verbi. | ||
| 650 | _aTeología | ||
| 942 | _cBK | ||
| 999 |
_c10220 _d10220 |
||